000
00450nam a2200145Ia 4500
008
100122s9999 xx 000 0 und d
082
_b
27279
_a
823
100
_a
मराठे प्र द
245
_a
आणि आकाश पेटले
260
_b
सरिता प्रक ाशन
_c
1978
300
_a
185
630
_a
आणि आकाश पेटले
730
_a
आणि आकाश पेटले
942
_c
BOOK
999
_c
413362
_d
413359